000 01252nam a22002537a 4500
005 20080708144749.0
006 a|||||r|||||00| 0
008 080708t xxu||||| |||| 00| 0 hin d
010 _aHIN-83781
020 _c100.00
_a8189366041
035 _aHN-56127
037 _bDBAD / PUB
040 _aDPL
_bHN
082 _a305.235
100 _aअग्रवाल, रिचा
245 _aकिशोरावस्था समस्या और समाधान /
_cरिचा अग्रवाल
246 _aKisoravastha samasya aur samadhan
_bby Richa Agarwal
260 _aजयपुर
_bराहुल पब्लिशिंग हाउस
_c2007
270 _aए-15, टेलीफोन कालोनी, टोंक फाटक
_bजयपुर
_e302015
_k0141- 2590656
300 _a74पृ
_c22सेमी(सजिल्द)
650 _aAdolescence
942 _2ddc
_cHN
_h305.235 / अग्रव
_m अग्रव
999 _c14312
_d14312